Human resource management
Gespeichert in:
| 1. Verfasser: | |
|---|---|
| Weitere Verfasser: | |
| Format: | Buch |
| Sprache: | Englisch |
| Veröffentlicht: |
New York
John Wiley & Sons
1999
|
| Ausgabe: | 6. ed. |
| Schlagworte: | |
| Tags: |
Keine Tags, Fügen Sie das erste Tag hinzu!
|
MARC
| LEADER | 00000nam a2200000 4500 | ||
|---|---|---|---|
| 001 | c142047 | ||
| 005 | 20221108123809.9 | ||
| 020 | |a 0-471-29989-8 | ||
| 041 | 0 | |a eng | |
| 044 | |a US | ||
| 245 | 1 | 0 | |a Human resource management |c David A. DeCenzo, Stephen P. Robbins |
| 250 | |a 6. ed. | ||
| 264 | 1 | |a New York |b John Wiley & Sons |c 1999 | |
| 300 | |a 546 s. | ||
| 610 | 2 | 0 | |a zdroje ľudské |
| 610 | 2 | 0 | |a manažment |
| 610 | 2 | 0 | |a riadenie personálne |
| 610 | 2 | 0 | |a manažment personálny |
| 610 | 2 | 0 | |a príležitosť pracovná |
| 610 | 2 | 0 | |a miesta pracovné |
| 610 | 2 | 0 | |a kariéra |
| 610 | 2 | 0 | |a práva pracovníkov |
| 610 | 2 | 0 | |a vzťahy pracovné |
| 610 | 2 | 0 | |a nábor pracovníkov |
| 610 | 2 | 0 | |a využitie počítačov |
| 610 | 2 | 0 | |a technológie informačné |
| 610 | 2 | 0 | |a technológie komunikačné |
| 100 | 1 | |a DeCenzo, David A. | |
| 700 | 1 | |a Robbins, Stephen P. | |